| 000 -LEADER |
| fixed length control field |
00330cam a22001097a 4500 |
| 008 - FIXED-LENGTH DATA ELEMENTS--GENERAL INFORMATION |
| fixed length control field |
180718b1958 xxu||||| |||| 00| 0 eng d |
| 082 ## - DEWEY DECIMAL CLASSIFICATION NUMBER |
| Classification number |
I56x54 |
| 100 ## - MAIN ENTRY--PERSONAL NAME |
| Personal name |
Bhargava, K.D. editor |
| 245 ## - TITLE STATEMENT |
| Title |
An introduction to national archives |
| Statement of responsibility, etc. |
by K.D. Bhargava |
| 260 ## - PUBLICATION, DISTRIBUTION, ETC. |
| Place of publication, distribution, etc. |
New Delhi |
| Name of publisher, distributor, etc. |
Director National Arvices of India |
| Date of publication, distribution, etc. |
1958 |
| 300 ## - PHYSICAL DESCRIPTION |
| Extent |
32+p |